000 00481nam a2200169Ia 4500
008 130318s9999 xx 000 0 und d
020 _a1578513014
082 _a658.4038 DAV/W
100 _aDavenport, Thomas H
245 _aWorking knowledge: How organizations manage what they know
260 _bHarvard
_aBoston
_c1998
300 _a197
650 _aINDUSTRIAL MANAGEMENT
650 _aKNOWLEDGE MANAGEMENT
650 _aORGANIZATIONAL LEARNING
700 _aPrusak, Laurence
999 _c359
_d359